Ч. 2 : Секция 3. Методы обеспечения помехоустойчивости и надежности информационно-вычислительных сетей. Секция 4. Методы формализованного описания информации, анализа и реализации протоколов. Секция 5. Методы управления в сетевых системах; Пятнадцатая Всесоюзная школа-семинар по вычислительным сетям

Podrobná bibliografie
Parent link:Пятнадцатая Всесоюзная школа-семинар по вычислительным сетям: тезисы докладов/ Ленинградский электротехнический институт связи им. М. А. Бонч-Бруевича ; Академия наук СССР (АН СССР), Ленинградский институт информатики и автоматизации. Ч. 2 : Секция 3. Методы обеспечения помехоустойчивости и надежности информационно-вычислительных сетей. Секция 4. Методы формализованного описания информации, анализа и реализации протоколов. Секция 5. Методы управления в сетевых системах.— , 1990-
Další autoři: Устинов Г. Н. (редактор)
Jazyk:ruština
Vydáno: 1990
Témata:
Médium: MixedMaterials Kniha
KOHA link:https://koha.lib.tpu.ru/cgi-bin/koha/opac-detail.pl?biblionumber=246031

MARC

LEADER 00000nam2a2200000 4500
001 246031
005 20231101232155.0
035 |a (RuTPU)RU\TPU\book\267470 
035 |a RU\TPU\book\267469 
090 |a 246031 
100 |a 20131122d1990 k y0rusy50 ca 
101 0 |a rus 
102 |a RU 
105 |a a z 101zy 
200 0 |a Ч. 2 : Секция 3. Методы обеспечения помехоустойчивости и надежности информационно-вычислительных сетей. Секция 4. Методы формализованного описания информации, анализа и реализации протоколов. Секция 5. Методы управления в сетевых системах  |f под ред. Г. Н. Устинова 
210 |d 1990 
215 |a 314 с.  |c ил. 
320 |a Библиогр. в конце докл. 
461 1 |0 (RuTPU)RU\TPU\book\267786  |t Пятнадцатая Всесоюзная школа-семинар по вычислительным сетям  |o тезисы докладов  |o в 3 т.  |f Ленинградский электротехнический институт связи им. М. А. Бонч-Бруевича ; Академия наук СССР (АН СССР), Ленинградский институт информатики и автоматизации  |v Ч. 2 : Секция 3. Методы обеспечения помехоустойчивости и надежности информационно-вычислительных сетей. Секция 4. Методы формализованного описания информации, анализа и реализации протоколов. Секция 5. Методы управления в сетевых системах  |d 1990- 
606 1 |a Информационно-вычислительные сети  |x Оптимизация  |2 stltpush  |3 (RuTPU)RU\TPU\subj\12902  |9 39603 
610 1 |a помехоустойчивость 
610 1 |a надежность 
610 1 |a верификация 
610 1 |a протоколы 
610 1 |a анализ 
610 1 |a программные средства 
610 1 |a семинары 
675 |a 681.324(063)  |v 3 
702 1 |a Устинов  |b Г. Н.  |4 340 
801 1 |a RU  |b 63413507  |c 20131122 
801 2 |a RU  |b 63413507  |c 20131130  |g RCR 
942 |c BK